Pokémon by Picture - Generation 6 - Statistics

General Stats
  • This quiz has been taken 37 times
  • The average score is 13 of 16
Answer Stats
Picture Hint Answer % Correct
Greninja
100%
Hawlucha
93%
Sylveon
93%
Chespin
87%
Goodra
87%
Zygarde
87%
Talonflame
83%
Noivern
80%
Xerneas
80%
Diancie
77%
Klefki
77%
Yveltal
73%
Aegislash
70%
Floette
67%
Braixen
63%
Hoopa, but what form? Unbound
57%
No matching quizzes found
Score Distribution
Percent of People with Each Score
Percentile by Number Answered
Your Score History
You have not taken this quiz